Normal view
MARC view
Entry Personal Name
001 - CONTROL NUMBER
- control field: 1239567
003 - CONTROL NUMBER IDENTIFIER
- control field: OSt
005 - DATE AND TIME OF LATEST TRANSACTION
- control field: 20260514122547.0
008 - FIXED-LENGTH DATA ELEMENTS
- fixed length control field: 260514|| aca||aabn | a|a d
040 ## - CATALOGING SOURCE
- Original cataloging agency: OSt
- Transcribing agency: OSt
100 ## - HEADING--PERSONAL NAME
- Personal name: Sharma Dr.Prateeksha
670 ## - SOURCE DATA FOUND
- Source citation: Work cat.: (OSt)1851496: Sharma Dr.Prateeksha, Effect of Pretreatment Metabolic Risk Factors on Respose of Intravitreal Triamcinolone Acetonide Followed by Macular Laser Treatment in Diabetic Macular Edema.
